Sports Quiz

Random Sports or WWE Quiz

Current Pro Wrestling Champions Quiz Stats

Quiz not verified by Sporcle

Challenge
Share
Tweet
CORRECT AS OF THE 22ND OF MAY 2018
Score 0/83 Timer 06:00
0 Plays Today
Promotion Champion % Correct
WWEAJ Styles
95.4%
WWEBrock Lesnar
95.3%
WWESeth Rollins
93.4%
WWENia Jax
91.6%
WWEHarper
90%
WWECarmella
89%
WWEMatt Hardy
88.4%
WWEBray Wyatt
88.2%
WWEJeff Hardy
87.6%
WWERowan
85.4%
NXTAdam Cole
78.7%
NXTAdam Cole
78.7%
WWECedric Alexander
74.4%
NJPWJay White
73.6%
NXTRoderick Strong
72.1%
NXTAleister Black
71.6%
NXTPete Dunne
69.9%
NXTBobby Fish
65.4%
NXTKyle O'Reilly
63.4%
NXTShayna Baszler
62.8%
NJPWKazuchika Okada
61.9%
ImpactAustin Aries
59.1%
ROHDalton Castle
55.4%
NXTAdam Cole
51.1%
NJPWTestsuya Naito
49.1%
NJPWMatt Jackson
44%
ImpactAustin Aries
43.1%
ROHTK O'Ryan
41.5%
Promotion Champion % Correct
NJPWYoshinobu Kanemaru
40.9%
NJPWMarty Scurll
40.7%
NJPWEl Desperado
40.3%
NJPWNick Jackson
39.4%
ROHVinny Marseglia
39.1%
ROHMark Briscoe
38.5%
ImpactAndrew Everett
38.2%
ROHJay Briscoe
38.1%
Lucha UndergroundPentagón Dark
37.8%
NJPWEVIL
36.7%
NJPWWill Ospreay
36%
ImpactDJ Z
35.5%
ROHSilas Young
34.5%
ImpactMatt Sydal
34.2%
ROHMatt Taven
33.8%
NJPWHirooki Goto
33.3%
ImpactAllie
31.9%
NJPWSANADAlij
29.9%
AAARey Wagner
26.1%
AAAEl Hijo del Fantasma
25.2%
Lucha UndergroundKillshot
18.1%
Lucha UndergroundDante Fox
17.3%
AAAAustralian Suicide
16.1%
NoahTakashi Sugiura
15.4%
Dragon GateGenki Horiguchi
14.2%
AAAMurder Clown
13.1%
AAAMonster Clown
12.8%
Lucha UndergroundThe Mack
12.4%
Promotion Champion % Correct
AJPWAtsushi Aoki
11.8%
ROHSumie Sakai
10.9%
AAAFaby Apache
10.7%
Dragon GateBen-K
10.4%
NoahMinoru Tanaka
10%
Dragon GateMasaaki Mochizuki
10%
NoahKaito Kiyomiya
9.7%
AJPWJun Akiyama
9.2%
Dragon GateBig R Shimizu
8.8%
Dragon GateKzy
8.8%
NoahGo Shiozaki
8.7%
NoahDaisuke Harada
8.7%
AAABig Mami
8.4%
Dragon GateDragon Kid
8.3%
Dragon GateSusumu Yokosuka
8.3%
AAATito Santana
8.2%
Dragon GateShingo Takagi
7.9%
AAANiño Hamburguesa
7.7%
AJPWKento Miyahara
7.5%
NoahHi69
7.4%
AAAMini Psycho Clown
7.3%
AAAMocho Cota Jr.
7%
AAACarta Brava Jr.
6.7%
AJPWDylan James
6.6%
AJPWYuji Nagata
6.4%
AJPWJun Akiyama
6%
AJPWRyoji Sai
6%

You're not logged in!

Compare scores with friends on all Sporcle quizzes.
Join for Free
OR
Log In

You Might Also Like...

Show Comments

Extras

Top Quizzes Today


Score Distribution

Your Account Isn't Verified!

In order to create a playlist on Sporcle, you need to verify the email address you used during registration. Go to your Sporcle Settings to finish the process.

Report this User

Report this user for behavior that violates our Community Guidelines.

Details: